| 000 | 01760nam a2200313 i 4500 | ||
|---|---|---|---|
| 003 | EG-GICUC | ||
| 005 | 20260218094153.0 | ||
| 008 | 260218s1909 nz ||||fr|||| 000 0 fre d | ||
| 040 |
_aEG-GiCUC _bfre _cEG-GiCUC _dEG-GiCUC _eRda |
||
| 041 | 0 | _afre | |
| 082 | 0 | 4 |
_221 _a341.78 _bRE |
| 092 | 0 | 4 | _221 |
| 099 | _aLaw1 11 341.78 RE 1897 | ||
| 100 | 1 |
_aNiboyet J.-p _eAuteur |
|
| 245 | 1 | 0 |
_aRecueil Général De La Legislation Et Des Traités Concernant La Propriété Industrielle : _bBraveza D'investien Dessins Et Modèles De Fabrique. Marques De Fabrique Et De Roumetree. Nom Commercial, Fausses Indications De Provenance. Currence Daloyals. Usurpation De Récompenses Industrielles. _nTome Deuxième, _pDurope: Seconde Partie. Italie Luxembourg Ile De Malte Monaco Montenegro Norvège Pays-bas Et Colonies Portugal Saint-marin Roumanie Serbie Suede Russie Et Finlande Suisse Turquie Asie Ceylan (Ile De) Chine Chypre (Ile De) Établissements Des Detroits (Straits Settlements)-hong-kong (Ile De) Labouan Inde Britannique Indo-chine Japon Negri Sembilan Pérak Perse Selangor |
| 264 | 1 |
_aBerne : _bBureau International De La Propriété Industrielle, _c1897. |
|
| 300 |
_a782 page, _c 24 cm. |
||
| 336 |
_2rda contenu _a texte |
||
| 337 |
_2rda medias _aOrdinateur |
||
| 338 |
_2 transporteur rda _a Ressource en ligne |
||
| 500 | _aPublie Par Le Bureau International De L'union Pour La Protection De La Propriété Industrielle Avec Le Concours De Jurisconsultes De Divers Pays | ||
| 504 | _aComprend des références bibliographiques. | ||
| 546 | _aTexte en français | ||
| 650 | 1 | 4 |
_aDroit international public _2 |
| 651 | 1 | _2 | |
| 856 | 4 | 0 | _uhttps://fll.law.cu.edu.eg/fulltext/bks/B11-07384.pdf |
| 905 | _a48 | ||
| 942 |
_2ddc _cBK _e21 _n0 |
||
| 999 |
_c63515 _d63515 |
||